000 00787cam a2200205 4500
001 L129060
008 050315n2005 000 0 eng u
020 _a0754636348
035 _a(Sirsi) u129060
041 _aeng
050 _a020.23
_c22
245 _aYour career, your life
_bcareer management for the information professional
260 _aAldershot
_bAshgate
_c2005
300 _aix,182p.
_c24cm.
350 _a20.00
520 _aAimed at middle management information professionals and those in the earlier part of their career. this text aims to help the reader to clarify career plans and develop skills and insights to manage change effectively.
690 _aMANAGEMENT-BUSINESS MANAGEMENT-INFORMATION MANAGEMENT
700 _aRaddon, Rosemary
_xEditor
942 _n0
999 _c104092
_d104092